000 02307cam a22005774i 4500
003 PE-LiUPU
005 20250731170435.0
008 150625s r 000 0 d
035 _a(Sirsi) a30834
040 _aPE-LiUPU
_bspa
_cPE-LiUPU
_erda
082 0 4 _a107
_bG68
_221
100 1 _aGomez, Mario S.,
_eautor.
245 1 0 _aDidáctica de la filosofía.
264 1 _aBogota :
_bUniversidad de Santo Tomas,
_c1983.
336 _atext
_2rdacontent
337 _aunmediated
_2rdamedia
338 _avolume
_2rdacarrier
505 0 _aBreves nociones de didáctica general. - La filosofía como asignatura a nivel medio. - Objetivos de la enseñanza de la filosofía a nivel medio. - El alumno de filosofía, a nivel medio. - El profesor de filosofía a nivel medio. - Metodología para la enseñanza de la filosofía.
526 _aSEG68
526 _aSEG70
526 _aSEG69
526 _aSEG67
526 _aSEG43
526 _aP144
526 _aP143
526 _aP131
526 _aP122
526 _aP120
526 _aP117
526 _aP112
526 _aP110
526 _aP106
526 _aP101
526 _aP80
526 _aP59
526 _aP54
526 _aP35
526 _aP33
526 _aP30
942 _2ddc
_cBOOK
949 _a107 G68
_wDEWEY
_c1
_i28552
_lCCODEBUL1
_mBUL
_p00.00
_r0
_sY
_tBOOK
_u2015-06-25
_xBIBLIOTECA
_zUNKNOWN
_0COMPRA
_o.STAFF. Colección General
949 _a107 G68
_wDEWEY
_c2
_i27599
_lCCODEBUL1
_mBUL
_p00.00
_r0
_sY
_tBOOK
_u2015-06-25
_xBIBLIOTECA
_zUNKNOWN
_0COMPRA
_o.STAFF. Colección General
949 _a107 G68
_wDEWEY
_c3
_i37532
_lCCODEBUL1
_mBUL
_p00.00
_r0
_sY
_tBOOK
_u2015-06-25
_xBIBLIOTECA
_zUNKNOWN
_0COMPRA
_o.STAFF. Colección General
596 _a1
999 _a107 G68
_wDEWEY
_c38321
_i28552
_d38321
_f2021-11-4
_g5
_lCCODEBUL1
_mBUL
_q1
_r0
_sY
_tBOOK
_u2015-6-25
_xBIBLIOTECA
_zUNKNOWN
_0COMPRA
_o.STAFF. Colección General
999 _a107 G68
_wDEWEY
_c2
_i27599
_f2021-11-4
_g5
_lCCODEBUL1
_mBUL
_r0
_sY
_tBOOK
_u2015-6-25
_xBIBLIOTECA
_zUNKNOWN
_0COMPRA
_o.STAFF. Colección General
999 _a107 G68
_wDEWEY
_c3
_i37532
_f2021-11-4
_g5
_lCCODEBUL1
_mBUL
_r0
_sY
_tBOOK
_u2015-6-25
_xBIBLIOTECA
_zUNKNOWN
_0COMPRA
_o.STAFF. Colección General
980 _81
_gALBERTO SANCHEZ Responsable de Automatización